000 00717nam a2200289Ia 4500
005 20260324112957.0
008 008 260324s9999 xx 000 0 eng d
020 _a9781003475897
037 _aEBOOK
040 _aCRL
040 _beng
040 _cCRL
041 _2eng
041 _aeng
084 _qCRL
100 _aT. Mariprasath; P. Kishore; K. Kalyankumar
_91144921
245 0 _aSolar Photovoltaic System Modelling and Analysis
245 0 _bDesign and Estimation
260 _bTaylor and Francis
260 _c2024
365 _a
365 _b330
856 _uhttp://www.taylorfrancis.com/books/9781003475897
942 _cEBOOK
999 _c1734327
_d1734327